000 00614nam a2200241Ia 4500
003 OSt
005 20221005032848.0
006 a|||||r|||| 00| 0
007 ta
008 221004b |||||||| |||| 00| 0 urd d
024 _a13478
037 _cTextual
040 _aCRL
_cCRL
_burd
041 _2urd
_aurd
082 _aQ7:3, 168D7
100 _aAhmad Nazeer Au.
245 0 _aIjtihad 1325 hijri
260 _aDelhi
_bAfzal-al-matabe India
_c1907
300 _a158p.
_ccm.
650 _aTHEOLOGY
942 _hQ7:3, 168D7
_cTEXL
_2cc
999 _c940439
_d940439